Statistics for U.S. Presidents from Ohio

Click here to take the quiz!

General Stats

  • This quiz has been taken 24 times
  • The average score is 6 of 7

Answer Stats

HintAnswer% Correct
Second president to be assassinatedJames A. Garfield
95%
Former Commanding General of the United States ArmyUlysses S. Grant
95%
Heaviest president at over 300 poundsWilliam H. Taft
95%
Annexed Hawaii among other territoriesWilliam McKinley
95%
Grandson of another former presidentBenjamin Harrison
86%
Won election by one electoral voteRutherford B. Hayes
76%
Known for his administration's Teapot Dome ScandalWarren G. Harding
76%

Score Distribution

Percentile by Number Answered

Percent of People with Each Score

Your Score History

You have not taken this quiz